Online
Catalog
Normal view MARC view

Entry Nombre personal

Number of records used in: 32

001 - NÚMERO DE CONTROL

  • campo de control: 9311

003 - IDENTIFICADOR DEL NÚMERO DE CONTROL

  • campo de control: BNPHU

005 - FECHA Y HORA DE LA ÚLTIMA TRANSACCIÓN

  • campo de control: 20240301141933.0

008 - DATOS DE LONGITUD FIJA

  • campo de control de longitud fija: 200615|| aca||aabn | a|a d

040 ## - FUENTE DE LA CATALOGACIÓN

  • Centro catalogador/agencia de origen: DO-SdBNP
  • Lengua de catalogación: spa
  • Centro/agencia transcriptor: BNPHU
  • Normas de descripción: rda

100 1# - ENCABEZAMIENTO-NOMBRE DE PERSONA

  • Nombre de persona: Germán M., Mariano,
  • Fechas asociadas al nombre: 1946-
  • Forma completa/desarrollada del nombre: (Germán Mejía)

370 ## - LUGAR ASOCIADO

  • Lugar de nacimiento: Duarte, República Dominicana

374 ## - OCUPACIÓN

  • Ocupación: Abogado
  • Ocupación: Profesor universitario

375 ## - GÉNERO/SEXO

  • Género/Sexo: Masculino

377 ## - LENGUA/LENGUAJE ASOCIADO

  • Código del idioma: spa

400 1# - TRAZADO DE VÉASE--NOMBRE DE PERSONA

  • Nombre de persona: Germán Mejía, Mariano

400 1# - TRAZADO DE VÉASE--NOMBRE DE PERSONA

  • Nombre de persona: Mejía, Mariano Germán

670 ## - FUENTE DE DATOS ENCONTRADOS

  • Cita de la fuente: Work cat.: (OSt)2763: Carrasco, Nelson Eddy 9308, Existe relación entre el socio trabajador y su empresa cooperativa de producción y trabajo? /, 1994.

Powered by Koha